[Event "4th HD Bank Cup 2014"]
[Site "Ho Chi Minh City VIE"]
[Date "2014.03.13"]
[Round "6.8"]
[White "Le, Hoang Tran Chau"]
[Black "Nguyen, Van Huy"]
[Result "0-1"]
[WhiteTitle "WFM"]
[BlackTitle "IM"]
[WhiteElo "2124"]
[BlackElo "2414"]
[WhiteFideId "12401854"]
[BlackFideId "12401064"]
[EventDate "2014.03.10"]

1. d4 Nf6 2. Nf3 d5 3. c4 e6 4. e3 a6 5. Nbd2 c5 6. Be2 Nc6 7. cxd5 exd5 8. dxc5
Bxc5 9. Nb3 Ba7 10. O-O O-O 11. Bd2 Ne4 12. Rc1 Qd6 13. Bc3 Bg4 14. Nfd4 Bb8 15.
f4 Bd7 16. Nxc6 bxc6 17. Be5 Qe7 18. Bxb8 Rfxb8 19. Qc2 a5 20. Bd3 a4 21. Nd4 c5
22. Nf3 Bf5 23. b3 Rc8 24. Rfe1 Rab8 25. Nd2 Rb4 26. Bxe4 Bxe4 27. Qc3 Qb7 28.
g3 h6 29. Qe5 Qd7 30. Qc3 axb3 31. axb3 d4 32. exd4 Bb7 33. dxc5 Qd5 34. Re2 Rd4
35. Nf1 Rd3 36. Qc4 Qh1+ 37. Kf2 Rf3+ 0-1

[Event "4th HD Bank Cup 2014"]
[Site "Ho Chi Minh City VIE"]
[Date "2014.03.13"]
[Round "6.9"]
[White "Yap, Kim Steven"]
[Black "Dang, Hoang Son"]
[Result "1-0"]
[WhiteTitle "IM"]
[BlackTitle "FM"]
[WhiteElo "2407"]
[BlackElo "2043"]
[WhiteFideId "5202809"]
[BlackFideId "12402435"]
[EventDate "2014.03.10"]

1. e4 c5 2. Nf3 d6 3. Bb5+ Bd7 4. Bxd7+ Qxd7 5. c4 Nf6 6. Nc3 Nc6 7. d4 cxd4 8.
Nxd4 e6 9. O-O Be7 10. Be3 O-O 11. Qe2 Rac8 12. Rfd1 b6 13. b3 Rfd8 14. Rd2 Qb7
15. Nc2 Ne5 16. Bf4 a6 17. a4 Ng6 18. Bg3 d5 19. exd5 exd5 20. Qf3 Qa8 21. cxd5
Rxc3 22. Qxc3 Ne4 23. Qe3 Nxd2 24. Qxd2 Rxd5 25. Qe2 Bf6 26. Re1 Rd8 27. Ne3 Re8
28. h3 h6 29. Qc4 Bg5 30. Nc2 Rc8 31. Qd3 Bf4 32. Na3 Rd8 33. Qe4 Qxe4 34. Rxe4
Bxg3 35. fxg3 Rd3 36. Rb4 Rxg3 37. Kf2 Rc3 38. Rxb6 Nf4 39. Nc4 Nd3+ 40. Ke3
Nc1+ 41. Kd2 Rxb3 42. Rxa6 Na2 43. Rb6 Rxb6 44. Nxb6 Nb4 45. Kc3 Na6 46. Kc4 Kf8
47. Kb5 Nb8 48. Nc4 Ke7 49. Ne5 Ke6 50. Nc6 Nd7 51. a5 Kd6 52. Nd8 Nb8 53. Nxf7+
Ke6 54. Nd8+ Kd7 55. Nb7 g5 56. Kb6 Ke6 57. Nc5+ Kd5 58. g4 Kd6 59. Ne4+ Kd7 60.
Kb7 Nc6 61. a6 Nd8+ 62. Kb6 1-0

[Event "4th HD Bank Cup 2014"]
[Site "Ho Chi Minh City VIE"]
[Date "2014.03.13"]
[Round "6.10"]
[White "Shyam, Sundar M."]
[Black "Tran, Manh Tien"]
[Result "1-0"]
[WhiteTitle "GM"]
[WhiteElo "2507"]
[BlackElo "2304"]
[WhiteFideId "5019141"]
[BlackFideId "12401897"]
[EventDate "2014.03.10"]

1. d4 Nf6 2. Bg5 e6 3. e4 h6 4. Bxf6 Qxf6 5. c3 b6 6. Bd3 Bb7 7. Ne2 c5 8. O-O
Nc6 9. e5 Qh4 10. Nd2 cxd4 11. Nf3 Qd8 12. Nexd4 Nxd4 13. cxd4 Be7 14. Qe2 O-O
15. Be4 Bxe4 16. Qxe4 d5 17. exd6 Qxd6 18. Ne5 Bf6 19. Nc6 a5 20. Rac1 Rac8 21.
Rc3 Rc7 22. g3 g6 23. Rfc1 Kg7 24. Kg2 h5 25. R1c2 Rfc8 26. Na7 Rxc3 27. Nxc8
Rxc8 28. Rxc8 Bxd4 29. b3 Bc5 30. Qf3 e5 31. Re8 Bd4 32. h3 Qd7 33. Rb8 Qe7 34.
Qc6 h4 35. Qc8 Kf6 36. Qh8+ Kf5 37. Qxh4 Qxh4 38. gxh4 e4 39. Kf1 e3 40. fxe3
Bxe3 41. Ke2 Bc5 42. Kf3 Ke6 43. h5 gxh5 44. Rh8 Kf6 45. Rxh5 Bg1 46. h4 Bd4 47.
Rg5 Bc3 48. Rg2 Bb4 49. h5 Bf8 50. Rg8 Ke7 51. a4 f6 52. Ke4 Bh6 53. Rg6 Bg5 54.
h6 Bxh6 55. Rxh6 1-0

[Event "4th HD Bank Cup 2014"]
[Site "Ho Chi Minh City VIE"]
[Date "2014.03.13"]
[Round "6.11"]
[White "Tran, Thanh Tu"]
[Black "Dao, Thien Hai"]
[Result "0-1"]
[WhiteTitle "CM"]
[BlackTitle "GM"]
[WhiteElo "2277"]
[BlackElo "2508"]
[WhiteFideId "12401404"]
[BlackFideId "12400084"]
[EventDate "2014.03.10"]

1. e4 c5 2. d3 Nc6 3. g3 g6 4. Bg2 Bg7 5. Nf3 d6 6. O-O Nf6 7. Nc3 e5 8. Nd2 O-O
9. Nc4 Bg4 10. f3 Be6 11. f4 exf4 12. gxf4 d5 13. f5 dxc4 14. fxe6 fxe6 15. Bh3
Nd4 16. Ne2 cxd3 17. cxd3 Nh5 18. Rxf8+ Qxf8 19. Nxd4 Bxd4+ 20. Kh1 Re8 21. Qe2
Be5 22. Be3 Qd6 23. Rf1 b6 24. Qf3 Nf6 25. b4 Qxd3 26. bxc5 bxc5 27. Bxc5 Qxf3+
28. Rxf3 Nxe4 29. Bxa7 Ng5 30. Ra3 Nxh3 31. Rxh3 Ra8 32. Ra3 Bd6 33. Rd3 Rxa7
34. Rxd6 Kf7 35. Rd2 e5 36. Kg2 Ke6 37. Rb2 Kf5 38. Kf2 Kf4 39. Rb4+ e4 40. a4
g5 41. h3 h5 42. Ke2 Rc7 0-1

[Event "4th HD Bank Cup 2014"]
[Site "Ho Chi Minh City VIE"]
[Date "2014.03.13"]
[Round "6.12"]
[White "Kashlinskaya, Alina"]
[Black "Tu, Hoang Thai"]
[Result "1/2-1/2"]
[WhiteTitle "WGM"]
[BlackTitle "IM"]
[WhiteElo "2440"]
[BlackElo "2250"]
[WhiteFideId "4198026"]
[BlackFideId "12400351"]
[EventDate "2014.03.10"]

1. d4 Nf6 2. Nf3 d6 3. Nc3 d5 4. Qd3 b6 5. e4 dxe4 6. Nxe4 Bb7 7. Nxf6+ exf6 8.
Be2 Bd6 9. O-O O-O 10. Be3 Re8 11. Rad1 Nc6 12. c4 Bf8 13. Qd2 Qd7 14. d5 Ne7
15. Nd4 Ng6 16. Qc2 a6 17. Bd3 Qg4 18. Bf5 Qh5 19. Bc1 Bc8 20. Rfe1 Bxf5 21.
Qxf5 Qxf5 22. Nxf5 Rxe1+ 23. Rxe1 Ne5 24. b3 b5 25. Bf4 Nd3 26. Re4 g6 27. Ne3
Rc8 28. Rd4 Nxf4 29. Rxf4 f5 30. cxb5 axb5 31. a4 bxa4 32. bxa4 Rb8 33. g3 Rb1+
34. Kg2 Ra1 35. Rc4 Bd6 36. Nc2 Ra2 37. Nd4 Kg7 38. Nc6 Kf8 39. a5 g5 40. Kf3
Ra3+ 41. Ke2 f4 42. Kd2 f5 43. Kc2 fxg3 44. hxg3 Ke8 45. Kb2 Kd7 46. a6 Kc8 47.
a7 Kb7 48. g4 fxg4 49. Re4 h5 50. Re8 Rxa7 51. Nxa7 Kxa7 52. Rg8 Bf4 53. Kc2 h4
54. Kd3 g3 55. fxg3 hxg3 56. Ke2 Kb6 57. Rf8 1/2-1/2

[Event "4th HD Bank Cup 2014"]
[Site "Ho Chi Minh City VIE"]
[Date "2014.03.13"]
[Round "6.13"]
[White "Shyam, Nikil P."]
[Black "Nguyen, Anh Khoi"]
[Result "1-0"]
[WhiteTitle "IM"]
[BlackTitle "FM"]
[WhiteElo "2431"]
[BlackElo "2147"]
[WhiteFideId "5024218"]
[BlackFideId "12404675"]
[EventDate "2014.03.10"]

1. d4 Nf6 2. Bg5 Ne4 3. Bf4 c5 4. f3 Qa5+ 5. c3 Nf6 6. Nd2 cxd4 7. Nb3 Qb6 8.
cxd4 d5 9. e3 Nc6 10. Ne2 Bf5 11. Nc3 e6 12. Rc1 a6 13. Qd2 Be7 14. Nc5 Rc8 15.
g4 Bg6 16. h4 h6 17. Be2 Qa7 18. Nd3 h5 19. g5 Nd7 20. Bg3 Bxd3 21. Bxd3 b5 22.
O-O Nb6 23. Qf2 Nc4 24. b3 N4a5 25. Qb2 O-O 26. Ne2 g6 27. Nf4 Rfd8 28. Kg2 Bf8
29. Bb1 Bg7 30. Nd3 Ne7 31. Qd2 Nac6 32. Nc5 e5 33. Bf2 a5 34. Rfd1 b4 35. Na4
exd4 36. exd4 Re8 37. Qf4 Nd8 38. Nc5 Ndc6 39. Bd3 Qc7 40. Qxc7 Rxc7 41. Bb5
Rec8 42. Ba6 Rf8 43. Na4 Ra7 44. Bb5 Nd8 45. Nc5 Nf5 46. Nd7 Ne6 47. Nxf8 Kxf8
48. Rc8+ Ke7 49. Re8+ Kd6 50. Rc1 Bxd4 51. Rc6+ Ke5 52. Bg3+ Nxg3 53. Kxg3 Bc3
54. Kf2 Kf4 55. Bd3 a4 56. bxa4 Rxa4 57. Bb1 Bd4+ 58. Kg2 Be5 59. Rc1 Ke3 60.
Re1+ Kd4 61. Rd1+ Ke3 62. Re7 b3 63. Re1+ Kd4 64. axb3 Ra3 65. Rb7 Nf4+ 66. Kf1
Bd6 67. Rb6 Kc5 68. Rb7 Kc6 69. Rxf7 Rxb3 70. Rc1+ Kb6 71. Rf6 Rxf3+ 72. Ke1
Re3+ 73. Kd1 Re6 74. Rxe6 Nxe6 75. Bxg6 Bg3 76. Bf7 Ng7 77. Bxd5 Bxh4 78. Rc4
Bg3 79. Ke2 Be5 80. Kf3 Kb5 81. Ke4 Bg3 82. Rc8 h4 83. Rg8 Nh5 84. Bf7 Nf4 85.
g6 Nh5 86. Rh8 1-0

[Event "4th HD Bank Cup 2014"]
[Site "Ho Chi Minh City VIE"]
[Date "2014.03.13"]
[Round "6.14"]
[White "Prasanna Raghuram Rao"]
[Black "Nguyen, Hoang Nam"]
[Result "1-0"]
[WhiteTitle "IM"]
[BlackTitle "CM"]
[WhiteElo "2410"]
[BlackElo "2281"]
[WhiteFideId "5022401"]
[BlackFideId "12402133"]
[EventDate "2014.03.10"]

1. e4 Nc6 2. Nf3 Nf6 3. e5 Ng4 4. d4 d6 5. h3 Nh6 6. Bxh6 gxh6 7. Nc3 Bg7 8. Bb5
O-O 9. Bxc6 bxc6 10. Qe2 Be6 11. O-O Rb8 12. b3 Qc8 13. Ne4 Kh8 14. Ng3 Rg8 15.
Kh2 Qb7 16. c4 dxe5 17. dxe5 c5 18. Nh4 Qb4 19. f4 Rbd8 20. Rad1 Qc3 21. Rf3 Qa5
22. Rfd3 Rde8 23. Nhf5 Bf8 24. Ne3 Qa6 25. Qh5 Rg7 26. Rd8 Qc6 27. Qf3 1-0

[Event "4th HD Bank Cup 2014"]
[Site "Ho Chi Minh City VIE"]
[Date "2014.03.13"]
[Round "6.15"]
[White "Pham, Duc Thang"]
[Black "Yeoh, Li Tian"]
[Result "0-1"]
[WhiteTitle "FM"]
[WhiteElo "2201"]
[BlackElo "2320"]
[WhiteFideId "12401420"]
[BlackFideId "5702895"]
[EventDate "2014.03.10"]

1. d4 d5 2. Nf3 Nf6 3. e3 Bf5 4. c4 c6 5. Nc3 e6 6. Bd3 Bg6 7. Ne5 Nbd7 8. f4
Bb4 9. O-O Bxd3 10. Qxd3 Bxc3 11. bxc3 O-O 12. Ba3 Re8 13. Rab1 Qc7 14. cxd5
cxd5 15. Qb5 b6 16. c4 Nxe5 17. fxe5 Ne4 18. Rbc1 Qb7 19. c5 Qe7 20. Qd3 bxc5
21. Bxc5 Qg5 22. a4 a5 23. Bb6 Rab8 24. Rb1 h5 25. Rf4 Rec8 26. Bxa5 Ra8 27. Be1
Rxa4 28. h4 Qg6 29. Qb3 Rac4 30. Qd1 Rc2 31. Qf3 Rc1 32. Rxc1 Rxc1 33. Qf1 Ng3
34. Qf2 Qb1 35. Kh2 Ne4 36. Rxe4 Qxe4 37. Qg3 Qb1 0-1

[Event "4th HD Bank Cup 2014"]
[Site "Ho Chi Minh City VIE"]
[Date "2014.03.13"]
[Round "6.16"]
[White "Fang, Yan"]
[Black "Ton, That Nhu Tung"]
[Result "1-0"]
[BlackTitle "IM"]
[WhiteElo "2307"]
[BlackElo "2235"]
[WhiteFideId "8604746"]
[BlackFideId "12401439"]
[EventDate "2014.03.10"]

1. e4 c5 2. Nf3 Nc6 3. d4 cxd4 4. Nxd4 Nf6 5. Nc3 d6 6. Bc4 Bd7 7. Bb3 a6 8. O-O
e6 9. Kh1 Be7 10. f4 Qc7 11. f5 Nxd4 12. Qxd4 Qc5 13. Be3 Qxd4 14. Bxd4 e5 15.
Bf2 Bc6 16. Rae1 Rc8 17. h3 b5 18. a3 h6 19. Re2 O-O 20. Bh4 Rfd8 21. Bxf6 Bxf6
22. Rd1 Kf8 23. Red2 Be7 24. Bd5 Be8 25. Kh2 Rc7 26. Na2 Rdc8 27. c3 Bg5 28. Re2
Be7 29. g3 Ra7 30. Red2 Rac7 31. Kg2 Bg5 32. Rd3 Be7 33. Kf3 Ra7 34. Nb4 a5 35.
Nc2 Rac7 36. h4 Ra7 37. R3d2 Rac7 38. Rh1 h5 39. Ne3 Rb8 40. Nc2 Rbc8 41. Ke2
Rb8 42. Kd3 Rcc8 43. Rg2 Bf6 44. Ne3 b4 45. axb4 axb4 46. c4 b3 47. g4 hxg4 48.
Nxg4 Bd8 49. f6 Bxf6 50. Nxf6 gxf6 51. Rf1 Bc6 52. Rxf6 Bxd5 53. exd5 Rb4 54.
Rg4 Ke7 55. Rf1 Rf8 56. Rg7 Ke8 57. h5 e4+ 58. Kd4 Rb7 59. Rf4 Re7 60. Rxe4
Rxe4+ 61. Kxe4 Rh8 62. Rg5 f6 63. Rf5 Kf7 64. Kd4 Rg8 65. Rf3 Rg4+ 66. Kc3 Rh4
67. Kxb3 Rxh5 68. Kb4 f5 69. Kb5 Kf6 70. Kc6 Ke5 71. b4 Rh4 72. Rc3 f4 73. c5 f3
74. Rxf3 Rxb4 75. cxd6 Rc4+ 76. Kd7 Rh4 77. Re3+ Kxd5 78. Rd3+ Ke5 79. Kc6 1-0

[Event "4th HD Bank Cup 2014"]
[Site "Ho Chi Minh City VIE"]
[Date "2014.03.13"]
[Round "6.17"]
[White "Liu, Xiangyi"]
[Black "Wynn Zaw Htun"]
[Result "0-1"]
[WhiteTitle "FM"]
[BlackTitle "IM"]
[WhiteElo "2159"]
[BlackElo "2408"]
[WhiteFideId "8605718"]
[BlackFideId "13002783"]
[EventDate "2014.03.10"]

1. e4 c5 2. Nf3 d6 3. g3 Nf6 4. c3 Nc6 5. Qe2 e5 6. Bg2 Be7 7. O-O O-O 8. a3 a5
9. a4 Re8 10. d3 h6 11. Nbd2 Bf8 12. Nc4 Be6 13. Nfd2 Rb8 14. Ne3 d5 15. f4 exf4
16. gxf4 d4 17. Nec4 Bg4 18. Nf3 Qc7 19. h3 Bh5 20. Qc2 Nd7 21. Na3 dxc3 22.
bxc3 Rbd8 23. Nb5 Qc8 24. Bb2 Nf6 25. Rae1 Qd7 26. d4 cxd4 27. cxd4 Rc8 28. Qb1
Bb4 29. Re2 Nd5 30. exd5 Rxe2 31. dxc6 bxc6 32. Nc3 Bxf3 33. Rxf3 Qxd4+ 34. Kh2
Rd2 35. Ba1 Re8 36. Na2 Rxg2+ 37. Kxg2 Re2+ 38. Kg3 Qd2 39. Qg1 Qxa2 40. Bc3 Qc2 0-1

[Event "4th HD Bank Cup 2014"]
[Site "Ho Chi Minh City VIE"]
[Date "2014.03.13"]
[Round "6.18"]
[White "Tu, Hoang Thong"]
[Black "Muminova, Nafisa"]
[Result "1/2-1/2"]
[WhiteTitle "GM"]
[BlackTitle "WGM"]
[WhiteElo "2434"]
[BlackElo "2322"]
[WhiteFideId "12400076"]
[BlackFideId "14201526"]
[EventDate "2014.03.10"]

1. d4 Nf6 2. c4 e6 3. g3 d5 4. Nf3 dxc4 5. Bg2 a6 6. Ne5 Bb4+ 7. Nc3 Nd5 8. Bd2
O-O 9. O-O Nb6 10. Ne4 Be7 11. Ba5 f6 12. Bxb6 cxb6 13. Nxc4 Nc6 14. e3 Nb4 15.
Qb3 Bd7 16. Ncd6 f5 17. Nxb7 Qb8 18. Nc3 Rc8 19. Na4 Qc7 20. Rac1 Qxc1 21. Nxb6
Qc2 22. Qxc2 Rxc2 23. Nxa8 Rxb2 24. a3 Nd5 25. Nc5 Bxc5 26. dxc5 Rc2 27. Bxd5
exd5 28. Nc7 Rxc5 29. Nxa6 Ra5 30. Nb4 Rxa3 31. Nxd5 Rd3 32. Nf4 Rd2 33. Rc1 g5
34. Ng2 Kf7 35. Ne1 h6 36. Nf3 Rd5 37. Kf1 Kf6 38. Ke1 Ba4 39. Ra1 Be8 40. Ra6+
Kg7 41. Nd4 Bf7 42. f4 Rc5 43. Kd2 Rd5 44. Kc3 Rc5+ 45. Kb4 Rd5 46. Rc6 Be8 47.
Re6 Bg6 48. Re5 Rd7 49. Nxf5+ Bxf5 50. Rxf5 Kg6 51. Re5 Rd2 52. Re6+ Kg7 53.
fxg5 hxg5 54. h4 Rg2 55. hxg5 Rxg3 56. Re5 Kg6 57. Kc4 Rg1 58. Kd5 Rd1+ 59. Ke4
Rd2 60. Rd5 Ra2 61. Kf3 Ra1 62. e4 Rg1 63. Ke3 Ra1 64. Rf5 Rb1 65. Rd5 Ra1 66.
Rf5 Rd1 67. Rf2 Rg1 68. e5 Rxg5 69. Ke4 Kg7 70. e6 Ra5 71. e7 Ra4+ 72. Kd5 Ra5+
73. Kc6 Ra6+ 74. Kd7 Ra7+ 75. Kd8 Ra8+ 76. Kc7 Ra7+ 77. Kd8 Ra8+ 1/2-1/2

[Event "4th HD Bank Cup 2014"]
[Site "Ho Chi Minh City VIE"]
[Date "2014.03.13"]
[Round "6.19"]
[White "Vijayalakshmi, Subbaraman"]
[Black "Hoang, Canh Huan"]
[Result "0-1"]
[WhiteTitle "IM"]
[BlackTitle "FM"]
[WhiteElo "2365"]
[BlackElo "2321"]
[WhiteFideId "5004098"]
[BlackFideId "12400599"]
[EventDate "2014.03.10"]

1. Nf3 b5 2. d4 Bb7 3. a4 b4 4. Nbd2 Nf6 5. e3 e6 6. a5 a6 7. Bd3 c5 8. Nb3 cxd4
9. exd4 Qc7 10. h3 Be7 11. O-O O-O 12. Bg5 Bd5 13. Qe2 Nc6 14. Nbd2 h6 15. Bh4
Nh5 16. Bxe7 Nf4 17. Qe3 Nxe7 18. c4 bxc3 19. bxc3 Qxc3 20. Qxf4 Qxd3 21. Ne5
Qf5 22. Qe3 Rfc8 23. Nxd7 Bxg2 24. Kxg2 Qd5+ 25. Nf3 Qxd7 26. Rfc1 Nd5 27. Qe4
Qb5 28. Ne5 Rxc1 29. Rxc1 Qxa5 30. Qf3 Rf8 31. Nd7 Re8 32. Ne5 f6 33. Rc5 Qd8
34. Nc6 Qd6 35. Qe4 Kh8 36. Na5 Nf4+ 37. Kf1 Nxh3 38. Rc6 Qb8 39. Rxa6 Qb5+ 40.
Qe2 Qd5 41. Qe3 Nf4 42. Qxf4 Qb5+ 43. Kg1 Qxa6 44. Nb3 e5 45. dxe5 Rxe5 46. Nd2
Qd6 0-1

[Event "4th HD Bank Cup 2014"]
[Site "Ho Chi Minh City VIE"]
[Date "2014.03.13"]
[Round "6.20"]
[White "Hoang, Thi Bao Tram"]
[Black "Pham, Le Thao Nguyen"]
[Result "1-0"]
[WhiteTitle "WGM"]
[BlackTitle "IM"]
[WhiteElo "2269"]
[BlackElo "2349"]
[WhiteFideId "12401102"]
[BlackFideId "12401226"]
[EventDate "2014.03.10"]

1. Nf3 d5 2. d4 c6 3. c4 Nf6 4. Qc2 dxc4 5. Qxc4 Bf5 6. Nc3 e6 7. g3 Nbd7 8. Bg2
Be7 9. O-O O-O 10. Re1 Ne4 11. Qb3 Qb6 12. Nh4 Qxb3 13. axb3 Bb4 14. Nxf5 exf5
15. Bxe4 fxe4 16. Bd2 Rfe8 17. Nxe4 Rxe4 18. Bxb4 Rxd4 19. Bc3 Re4 20. Red1 Nf8
21. e3 f6 22. Bd4 a6 23. f3 Ree8 24. e4 Rad8 25. Bc5 Kf7 26. Kf2 Ke6 27. b4 f5
28. e5 Kxe5 29. Rxd8 1-0

[Event "4th HD Bank Cup 2014"]
[Site "Ho Chi Minh City VIE"]
[Date "2014.03.13"]
[Round "6.21"]
[White "Boricsev, Oleg"]
[Black "Tin, Jingyao"]
[Result "0-1"]
[WhiteTitle "IM"]
[BlackTitle "FM"]
[WhiteElo "2339"]
[BlackElo "2225"]
[WhiteFideId "720500"]
[BlackFideId "5804418"]
[EventDate "2014.03.10"]

1. e4 c5 2. c3 d5 3. exd5 Qxd5 4. d4 Nf6 5. Nf3 Nc6 6. Be3 cxd4 7. cxd4 e6 8.
Nc3 Qd6 9. Bd3 Be7 10. O-O O-O 11. a3 b6 12. Qe2 Bb7 13. Rad1 Rfd8 14. Bb1 Rac8
15. Rfe1 g6 16. Bg5 Nd5 17. Nxd5 Bxg5 18. Nxb6 Nxd4 19. Rxd4 Qxb6 20. Rb4 Bxf3
21. Qxf3 Qa5 22. g3 Be7 23. Rbe4 Rd2 24. R4e2 Rxb2 25. h4 Qxa3 26. Re3 Qb4 27.
Bd3 Bc5 28. h5 Bxe3 29. Rxe3 Qc5 30. hxg6 hxg6 31. Re4 Qh5 0-1

[Event "4th HD Bank Cup 2014"]
[Site "Ho Chi Minh City VIE"]
[Date "2014.03.13"]
[Round "6.22"]
[White "Nguyen, Phuoc Tam"]
[Black "Duong, The Anh"]
[Result "0-1"]
[BlackTitle "IM"]
[WhiteElo "2055"]
[BlackElo "2335"]
[WhiteFideId "12402109"]
[BlackFideId "12401277"]
[EventDate "2014.03.10"]

1. d4 e6 2. g3 Nf6 3. Bg2 c5 4. Nf3 Nc6 5. O-O Qb6 6. dxc5 Bxc5 7. Nc3 Be7 8. e4
d6 9. Rb1 a6 10. Be3 Qc7 11. h3 O-O 12. Qe2 Rb8 13. a4 Bd7 14. Rbd1 Rfc8 15.
Rfe1 h6 16. g4 Ne5 17. Nxe5 dxe5 18. h4 b5 19. g5 hxg5 20. hxg5 Nh7 21. axb5
axb5 22. Qh5 Be8 23. Qh4 Rd8 24. Bf3 Rxd1 25. Rxd1 Bc5 26. Bc1 Rd8 27. Re1 Nf8
28. Kg2 Ng6 29. Qh2 Bc6 30. Rh1 Qb7 31. Qh7+ Kf8 32. Rh4 Nxh4+ 33. Qxh4 Ke8 34.
Qh8+ Bf8 35. g6 fxg6 36. Bg5 Ra8 37. Qh3 Qf7 38. Bg4 Bc5 39. Bh4 Bd7 40. Bg3 Ra1
41. Nd1 Bc6 42. Bf3 b4 43. Qh8+ Qf8 44. Qh7 Qf6 45. Qh8+ Kd7 46. Qb8 Bd6 47. Qh8
Ra8 48. Qh7 Rf8 49. Be2 Bxe4+ 50. Kg1 Bf3 51. Bb5+ Bc6 52. Bxc6+ Kxc6 53. Ne3
Qf3 54. Qxg7 Ra8 55. Nf1 Qe4 56. Qh7 Ra1 57. Qh8 Qc4 58. Qh1+ e4 59. Qh3 Bxg3
60. fxg3 Qc5+ 61. Kh1 Qf5 0-1

[Event "4th HD Bank Cup 2014"]
[Site "Ho Chi Minh City VIE"]
[Date "2014.03.13"]
[Round "6.23"]
[White "Le, Kieu Thien Kim"]
[Black "Bersamina, Paulo"]
[Result "0-1"]
[WhiteTitle "WIM"]
[BlackTitle "FM"]
[WhiteElo "2199"]
[BlackElo "2326"]
[WhiteFideId "12400572"]
[BlackFideId "5206995"]
[EventDate "2014.03.10"]

1. d4 Nf6 2. Bf4 d6 3. e3 g6 4. Be2 Bg7 5. h4 h5 6. c3 O-O 7. Nd2 Nc6 8. Ngf3
Ng4 9. Nh2 Nxh2 10. Bxh2 e5 11. d5 Nb8 12. g4 hxg4 13. Bxg4 Qxh4 14. Bxc8 Rxc8
15. Qf3 Qe7 16. Qh3 Nd7 17. Bg3 f6 18. Nf3 Kf7 19. Nh4 Rh8 20. Qg2 f5 21. O-O-O
Bf6 22. Rdg1 Rag8 23. Nf3 Nf8 24. Rxh8 Rxh8 25. Nd2 Ke8 26. f3 Bh4 27. Rh1 Rh5
28. Bxh4 Rxh4 29. e4 Qh7 30. Rxh4 Qxh4 31. Qf1 a6 32. Qg1 fxe4 33. fxe4 b6 34.
Qf1 a5 35. Qc4 Qe7 36. b4 axb4 37. cxb4 Qd7 38. Nf3 Nh7 39. a4 Qxa4 40. Qxc7
Qa3+ 41. Kd2 Qxb4+ 42. Kd3 Qb5+ 43. Kd2 Qd7 44. Qxb6 Kf7 45. Qf2 Kg7 46. Qh4 Qf7
47. Ke3 Qa7+ 48. Kd3 Qf7 49. Ke3 Qf6 50. Qg4 Qe7 51. Ke2 Nf6 52. Qh4 Qd7 53. Ng5
Qb5+ 54. Ke3 Qb3+ 55. Kf2 Qc2+ 56. Ke1 Qc1+ 57. Ke2 Qc4+ 58. Ke1 Qb4+ 59. Ke2
Qb2+ 60. Ke1 Qc1+ 61. Ke2 Nh5 62. Ne6+ Kh6 63. Nd8 Qc2+ 64. Ke1 Qc7 65. Ne6 Qc1+
66. Kf2 Qd2+ 67. Kf3 Qd3+ 68. Kf2 Qd2+ 69. Kf3 g5 70. Qh1 Kg6 71. Qb1 g4+ 0-1

[Event "4th HD Bank Cup 2014"]
[Site "Ho Chi Minh City VIE"]
[Date "2014.03.13"]
[Round "6.24"]
[White "Emojong, Elijah"]
[Black "Vo, Dai Hoai Duc"]
[Result "0-1"]
[WhiteTitle "IM"]
[WhiteElo "2350"]
[BlackElo "2187"]
[WhiteFideId "10000402"]
[BlackFideId "12400033"]
[EventDate "2014.03.10"]

1. d4 Nf6 2. c4 e6 3. Nf3 b6 4. Nc3 Bb7 5. e3 Be7 6. Bd3 c5 7. O-O d6 8. d5 exd5
9. cxd5 O-O 10. e4 a6 11. a4 Nbd7 12. Nd2 Ne8 13. f4 Bf6 14. Kh1 g6 15. Ra3 Bg7
16. Nf3 Nc7 17. Bd2 f5 18. exf5 gxf5 19. Be1 b5 20. axb5 axb5 21. Nxb5 Nxb5 22.
Bxb5 Rxa3 23. bxa3 Nf6 24. Bc4 Qa8 25. Qd3 Bxd5 26. Bh4 Bxc4 27. Qxc4+ Qd5 28.
Qxd5+ Nxd5 29. Rd1 Nxf4 30. Bg3 Ng6 31. Rxd6 Rc8 32. h4 c4 33. h5 Nf8 34. Ne5 c3
35. Nd3 c2 36. Bf4 Kf7 37. Kg1 Rc3 38. Bc1 Ne6 39. Kf2 Bf8 40. Rd5 Bxa3 41. Ke3
Bxc1+ 42. Ke2 Ba3 43. Rxf5+ Ke7 0-1

[Event "4th HD Bank Cup 2014"]
[Site "Ho Chi Minh City VIE"]
[Date "2014.03.13"]
[Round "6.25"]
[White "Vo, Thi Kim Phung"]
[Black "Nitin, S."]
[Result "1-0"]
[WhiteTitle "WIM"]
[BlackTitle "IM"]
[WhiteElo "2197"]
[BlackElo "2378"]
[WhiteFideId "12401838"]
[BlackFideId "5018277"]
[EventDate "2014.03.10"]

1. d4 Nf6 2. c4 g6 3. Nc3 Bg7 4. e4 d6 5. f3 O-O 6. Be3 c5 7. d5 Nbd7 8. Qd2 Ne5
9. Rc1 e6 10. dxe6 Bxe6 11. b3 a6 12. Nge2 b5 13. cxb5 axb5 14. Nf4 b4 15. Nb5
Ne8 16. Be2 Qb8 17. Nxe6 fxe6 18. O-O Ra6 19. f4 Nf7 20. e5 Rb6 21. Qd3 Nh6 22.
exd6 Nxd6 23. Rxc5 Nhf5 24. Nd4 Rd8 25. Nf3 Nb7 26. Qe4 Nxe3 27. Qxe3 Nxc5 28.
Qxc5 Rc8 29. Qg5 Qa7 30. Kh1 Rd6 31. Bc4 Rc5 32. Qh4 Rh5 33. Qg4 Bf6 34. Bxe6+
Kg7 35. f5 Qc5 36. h3 Rd8 37. fxg6 hxg6 38. Qf4 Qd6 39. Qg4 Ra8 40. Bc4 Rxa2 41.
Qc8 Rh8 42. Qb7+ Qe7 43. Qxe7+ Bxe7 44. Nd4 Kh6 45. Nc6 Bc5 46. Ne5 Rf8 47. Rd1
Ra7 48. Rd5 Be7 49. Bd3 g5 50. Nc6 Ra1+ 51. Kh2 Bf6 52. Rd7 g4 53. hxg4 Rc8 54.
Kg3 Rh8 55. Rd6 Kg7 56. Kf4 Bc3 57. Rd7+ Kf8 58. Kf5 Rh6 59. Rd8+ Kg7 60. Rd7+
Kf8 61. Na7 Rf6+ 62. Ke4 Re1+ 63. Kd5 Rd1 64. Kc4 Ke8 65. Rd5 Rc1 66. Kb5 Be1
67. g5 Re6 68. Bc4 Re7 69. Nc6 Rb7+ 70. Ka6 Rd7 71. Rf5 Rd6 72. Kb5 Bc3 73. g6
Rg1 74. Bd5 Rd1 75. Kc5 R1xd5+ 76. Rxd5 Rxg6 77. Rd8+ Kf7 78. Rd7+ Ke8 79. Re7+
Kf8 80. Re2 Rg4 81. Ne7 Bd4+ 82. Kb5 Rg5+ 83. Kc4 Bc3 84. Nd5 Rg4+ 85. Kc5 Rg5
86. Kd6 Rg3 87. Nb6 Bd4 88. Nd7+ Kf7 89. Kd5 Bg7 90. Nc5 Bf8 91. Rf2+ Ke8 92.
Ne6 Be7 93. Nd4 Rg5+ 94. Nf5 Kd7 95. Ke5 Bc5 96. Rc2 Bf8 97. Kf4 Rg6 98. g4 Ra6
99. Rd2+ Ke8 100. g5 Ra3 101. Rd3 Kf7 102. Kg4 Ra1 103. Rf3 Rg1+ 104. Ng3+ Kg8
105. Kf5 Rd1 106. Ne4 Kg7 107. Nf6 Rc1 108. Nh5+ Kg8 109. Kg6 Rc3 110. Nf6+ Kh8
111. Rf1 Rh3 112. Re1 Rh4 113. Re3 Rh1 114. Kf7 Be7 115. Rxe7 Re1 116. Re8+ 1-0

[Event "4th HD Bank Cup 2014"]
[Site "Ho Chi Minh City VIE"]
[Date "2014.03.13"]
[Round "6.26"]
[White "Tong, Thai Hung"]
[Black "Tran, Tuan Minh"]
[Result "1/2-1/2"]
[BlackTitle "FM"]
[WhiteElo "2151"]
[BlackElo "2353"]
[WhiteFideId "12403555"]
[BlackFideId "12401820"]
[EventDate "2014.03.10"]

1. e4 e6 2. d4 d5 3. exd5 exd5 4. Nf3 Nc6 5. Bf4 Bd6 6. Qd2 Qe7+ 7. Be2 Nf6 8.
O-O Ne4 9. Qe3 O-O 10. Re1 Be6 11. Nbd2 Bxf4 12. Qxf4 Qd6 13. Qxd6 Nxd6 14. c3
Rfe8 15. Bd3 Bf5 16. Bxf5 Nxf5 17. Rxe8+ Rxe8 18. Re1 Kf8 19. Kf1 f6 20. Rxe8+
Kxe8 21. Ne1 b6 22. Ke2 Nd8 23. g3 Kd7 24. Nd3 Ne6 25. Nf1 c5 26. dxc5 bxc5 27.
Ne3 Ne7 28. Nc2 Kd6 29. h4 g5 30. hxg5 fxg5 31. g4 c4 32. Nde1 Nc5 33. Ne3 Ng6
34. Nd1 Nf4+ 35. Ke3 a5 36. Nf3 Ng2+ 37. Ke2 Nf4+ 38. Ke3 Nfe6 39. Nd4 Nxd4 40.
cxd4 Nd3 41. Kd2 Nf4 1/2-1/2